000 00364 a2200157 4500
001 60347
020 _a8585946261
040 _cAnchieta - Pituba
100 _aBastos, Hermenegildo José
240 1 0 _aLiteratura e colonialismo
_lpor
245 1 0 _aLiteratura e colonialismo
300 _a127
362 0 _a2001
650 4 _aLiteratura brasileira
942 _cBK
999 _c60347
_d60347